000
00297nam a2200145Ia 4500
100
_a
Bansal/Rashmi
942
_c
BK
366
_f
20
245
_a
Follow every rainbow
260
_b
Westland Ltd
_c
2013
082
_a
808.83
_b
BAN
300
_a
361
546
_a
ENGLISH
_c
Computers
999
_c
20127
_d
20127